000 00726nam a2200229Ia 4500
003 GCL
008 140319s9999 xx 000 0 ara d
040 _aGCL /
_cGCL
082 0 4 _a811.009
_bم ك
100 1 _aمحمود سامى البارودى
245 1 0 _aكشف الغمة فى مدح سيد الامة /
_cمحمود سامى البارودى
260 _a[S.N] :
_bمطبعة الفجر الكويتية ،
_c1992
300 _a52 ص
490 _a
650 0 4 _aالشعر العربى
650 0 4 _aالادب العربى
650 0 4 _aالعصر الحديث
650 0 4 _aشعر الفخر والمديح
650 0 4 _aدواوين وقصائد
650 0 4 _aتاريخ ونقد
942 _2ddc
_cBK
999 _c58613
_d58613